Ancient Sculptures India, Egypt, Assyria, Greece, Rome/ (Record no. 208096)

MARC details
000 -LEADER
fixed length control field 00629nam a22001937a 4500
005 - DATE AND TIME OF LATEST TRANSACTION
control field 20250106165144.0
010 ## - LCCN (DPL NO)
LC control number ENG-143166
020 ## - INTERNATIONAL STANDARD BOOK NUMBER
International Standard Book Number 9788195857685
Terms of availability 1150.00
035 ## - SYSTEM CONTROL NUMBER
System control number EN-126698
037 ## - SOURCE OF ACQUISITION
Source of stock number/acquisition DBAD
082 ## - DEWEY DECIMAL CLASSIFICATION NUMBER
Classification number 732.44
245 ## - TITLE STATEMENT
Title Ancient Sculptures India, Egypt, Assyria, Greece, Rome/
260 ## - PUBLICATION, DISTRIBUTION, ETC. (IMPRINT)
Place of publication, distribution, etc Mumbai
Name of publisher, distributor, etc Sabyasachi Mukherjee
Date of publication, distribution, etc 2023
270 ## - ADDRESS
City Mumbai
Address 159-161, M.G, Road,
Postal code 400023
300 ## - PHYSICAL DESCRIPTION
Extent iv+149pp.
Dimensions 22cm(pb)
Other physical details Col. ill.
500 ## - GENERAL NOTE
General note A Unique International Educational Partnership for India 2 December 2023-1 October 2024
700 ## - ADDED ENTRY--PERSONAL NAME
9 (RLIN) 66930
942 ## - ADDED ENTRY ELEMENTS (KOHA)
Source of classification or shelving scheme Dewey Decimal Classification
Item type English Books
Classification part 732.44
Call number suffix ANC
Holdings
Withdrawn status Lost status Not for loan Collection code Home library Current library Date acquired Source of acquisition Cost, normal purchase price Full call number Barcode Copy number Cost, replacement price Koha item type
      Non-fiction Kadipur Kadipur 06/01/2025 Delivery of Books Division 1150.00 732.44 ANC EN-126698 1 1150.00 English Books

© Delhi Public Library
Hit Counter
free hit counter